Responses for show #3372 - Tuesday, April 13, 1999

Contestants

Victor Fanucci, a filmmaker from Venice, California

Cheri Campbell, a writer from Studio City, California

Bill Jacobs, a doctor from Wellington, Florida (whose 2-day cash winnings total $17,195)

Jeopardy! Round responses

THE BAD OLD DAYS
NATIONAL AIRLINES
THE SONGS OF BACHARACH & DAVID
NOVEL VOCABULARY
MIDDLE NAME LEE
THE "IN" SOUND
    $100 6
the Dust Bowl

Bill
    $100 11
Australia

Victor
    $100 14
"Raindrops Keep Fallin' on My Head"

Victor
    $100 19
jeopardy

Cheri
    $100 22
Jamie Lee Curtis

Bill
    $100 1
Incas

Bill
    $200 7
(Cheri: What is Arkansas?)

shaving points

BillCheri
    $200 12
Greece

Victor
    $200 15
"What the World Needs Now Is Love"

Cheri
    $200 27
(Cheri: What is "Jane Eyre"?)

"Wuthering Heights"

CheriVictor
    $200 23
Kathie Lee Gifford

Bill
    $200 2
incense

Victor
    $300 8
Warren G. Harding

Victor
    $300 13
Israel

Cheri
    $300 16
Dionne Warwick

Victor
    $300 28
D.H. Lawrence

Victor
    $300 24
David Lee Roth

Victor
    $300 3
Indonesia

Bill
    $400 9
NAACP

Bill
    $400 17
Luxembourg

Victor
    $500 20
(Cheri: I'm blanking out.)

The Man Who Shot Liberty Valance

Cheri
    $400 29
[buzzer sounds to end the round]

tusks

Bill
    $400 25
(Alex: Less than a minute to go.)

F. Lee Bailey

Cheri
    $400 4
infantry

Bill
    $500 10
Nisei

Bill
    $500 18
(Bill: What is Sweden?)
(Victor: What is Denmark?)

the Netherlands (Holland)

BillVictor
Triple Stumper
    $500 21
"Always Something There to Remind Me"

Triple Stumper
    $500 26
(Cheri: Who is Jerry Lee Lewis?)

John Lee Hooker

Cheri
Triple Stumper
    $500 5
incinerator

Bill

Scores at the first commercial break (after clue 15):

Bill Cheri Victor
$2,500 $300 $900

Scores at the end of the Jeopardy! Round:

Bill Cheri Victor
$2,700 -$400 $1,900

Double Jeopardy! Round responses

NAME THE PLAYWRIGHT
THE BELA LUGOSI FILE
U.S. U.N. REPS
OXYMORONS
THE RAIN
IN SPAIN
    $200 1
Neil Simon

Bill
    $200 20
Lon Chaney

Cheri
    $200 24
Adlai Stevenson

Cheri
    $200 6
Hell's Angels

Victor
    $200 11
rainbow

Victor
    $200 16
Madrid

Bill
    $400 2
Arthur Miller

Bill
    $400 21
(Bill: What is Romania?)

Hungary

BillCheri
    $400 25
Daniel Patrick Moynihan

Bill
    $400 7
passive

Cheri
    $400 12
monsoon

Bill
    $400 17
pilgrims

Bill
    $600 3
William Inge

Bill
    $600 22
Clara Bow

Victor
    $600 26
the Supreme Court

Triple Stumper
    $600 8
difference

Bill
    $1,000 13
drizzle

Bill
    $600 18
Aragon

Cheri
    $800 4
Harvey Fierstein

Cheri
    $800 23
the Carpathians

Bill
    $800 27
Jeane Kirkpatrick

Victor
    $800 9
fool

Bill
    $800 14
deluge

Bill
    $800 19
Costa del Sol

Triple Stumper
    $1000 5
Jonathan Larson

Bill
    $1000 29
Ed Wood

Cheri
    $400 30
(Cheri: [After the clue was revealed] Can I change my wager?!)

Henry Cabot Lodge

Cheri
    $1000 10
Secrets

Victor
    $1000 15
glaze

Bill
    $1000 28
Cadiz

Triple Stumper

Scores at the end of the Double Jeopardy! Round:

Bill Cheri Victor
$10,900 $3,600 $4,700
(lock game)

[wagering suggestions for these scores]

Final Jeopardy! Round responses

ENTERTAINMENT AWARDS
(Alex: A lot of awards being given out these days!)
(Alex: For "As Good As It Gets" for the movie & "Mad About You" for TV.)
CheriWho is
$3,000
VictorWho is Helen Hunt?
$2,501
BillWho is Helen Hunt?
$100
Helen Hunt

Final scores:

Bill Cheri Victor
$11,000 $600 $7,201
3-day champion: $28,195 3rd place: Olympus Centurion S Zoom Lens Camera 2nd place: Trip to Garden Resort, Ocho Rios, Jamaica

Game dynamics:

Coryat scores:

Bill Cheri Victor
$10,500 $4,700 $4,700
25 R
(including 1 DD),
2 W
12 R
(including 1 DD),
4 W
(including 1 DD)
15 R,
1 W

Combined Coryat: $19,900

The J! Archive is created by fans, for fans. The Jeopardy! game show and all elements thereof, including but not limited to copyright and trademark thereto, are the property of Jeopardy Productions, Inc. and are protected under law. This website is not affiliated with, sponsored by, or operated by Jeopardy Productions, Inc. Join the discussion at JBoard.tv.